[Event "ROM-ch U08"]
[Site "Calimanesti Caciulata"]
[Date "2016.04.20"]
[Round "3"]
[White "Sandea, Iancu Ioan"]
[Black "Botea, David Alexandru"]
[Result "0-1"]
[WhiteElo "1082"]
[BlackElo "1382"]
[PlyCount "70"]
[EventDate "2016.04.18"]
[EventType "swiss"]
[EventRounds "9"]
[EventCountry "ROU"]
[SourceTitle "CBM 172 Extra"]
[Source "ChessBase"]
[SourceDate "2016.06.21"]
[SourceVersion "1"]
[SourceVersionDate "2016.06.21"]
[SourceQuality "1"]

1. e4 e5 2. Nf3 Nc6 3. Bc4 Nf6 4. Nc3 Nxe4 5. Qe2 Nxc3 6. dxc3 d6 7. Ng5 d5 8. Bb5 Bd6 9. 0-0 0-0 10. Bxc6 bxc6 11. c4 h6 12. Nf3 Bg4 13. cxd5 cxd5 14. h3 Bh5 15. b3 e4 16. g4 exf3 17. Qxf3 Bg6 18. c4 dxc4 19. bxc4 Bd3 20. Qxd3 Bh2+ 21. Kxh2 Qxd3 22. Be3 Qxc4 23. Rfc1 Qd5 24. Rxc7 Qe5+ 25. Kg2 Qxc7 26. Rc1 Qd6 27. Bc5 Qd5+ 28. Kg1 Rac8 29. Bxf8 Rxc1+ 30. Kh2 Kxf8 31. a4 f5 32. gxf5 Qxf5 33. h4 Rc3 34. h5 Qxf2+ 35. Kh1 Rc1# 0-1